00418nam a2200193Ia 4500003000900000008004100009040001300050040001300063041000800076100002000084245003900104250000900143260002100152260000900173300001100182300001000193490001400203490000700217IT-RoPAU120407s9999 xx 000 0 und d aIT-RoPAU cIT-RoPAU aita aErnest Hoffmann aLo schiaccianoci e il re dei sorci aRoma aEdizioni Paoline c1966 a103 p. c24 cm aLa 500 ep v23